000 00571nam a2200241Ia 4500
003 OSt
005 20220916111016.0
006 a|||||r|||| 00| 0
007 ta
008 220915b |||||||| |||| 00| 0 eng d
024 _a95944
037 _cTextbook
040 _beng
_aARTS
_cARTS
041 _aeng
082 _aU8:6:M8, B9 (906)
100 _aDrummond Henry
245 0 _aTropical Africa
250 _a3rd
260 _c1889
650 _aGEOGRAPHY
942 _hU8:6:M8, B9 (906)
_cTB
_2CC
999 _c103218
_d103218